000 00527nam a2200181Ia 4500
005 20250508163316.0
008 008 250505s9999 xx 000 0 eng d
037 _aBooks to be hide in OPAC
040 _aFEDL
_beng
_cFEDL
041 _aeng
_2eng
084 _a016.001 4, EDU
_qFEDL
245 0 _aResearch report
245 0 _cEducational Testing Service
260 _aPrinceton
_bEducational Testing Service
_c1987
650 _aBibliography
942 _cHB
_h016.001 4, EDU
999 _c1382231
_d1382231